Poľnobanka pre podnikateľov Príloha

Americký úverový program na rozvoj malého a stredného podnikania na Slovensku (SAEF). Úverový program s Poľnobankou. Úverový rámec, do ktorého fond poskytuje pôžičky. Minimálna úroková sadzba. Maximálna doba splatnosti úveru. Odklad prvej splátky istiny. Podmienky pre žiadosť úveru.

Saved in:
Bibliographic Details
Main Author: Pumová, A.
Format: Book Chapter
Language:Slovak
Subjects:
Tags: Add Tag
No Tags, Be the first to tag this record!

MARC

LEADER 00000naa a2200000 4500
001 r027203
005 20251104124528.7
041 0 |a slo 
044 |a SK 
245 1 0 |a Poľnobanka pre podnikateľov  |b Príloha  |c A. Pumová 
520 |a Americký úverový program na rozvoj malého a stredného podnikania na Slovensku (SAEF). Úverový program s Poľnobankou. Úverový rámec, do ktorého fond poskytuje pôžičky. Minimálna úroková sadzba. Maximálna doba splatnosti úveru. Odklad prvej splátky istiny. Podmienky pre žiadosť úveru. 
610 2 0 |a podpora podnikania 
610 2 0 |a podnikanie drobné 
610 2 0 |a Americký úverový program na rozvoj malého a stredného podnikania 
610 2 0 |a SAEF 
610 2 0 |a Poľnobanka, a.s. Bratislava 
610 2 0 |a úver 
610 2 0 |a sadzby úrokové 
100 1 |a Pumová, A.